000 00798nam a2200277Ia 4500
003 OSt
005 20220912150657.0
006 a|||||r|||| 00| 0
007 ta
008 220909b |||||||| |||| 00| 0 eng d
024 _a27278
037 _cTextual
040 _aCSL
_beng
_cCSL
041 _aeng
082 _aC53:10bB9:6, M3
100 _aLewin Walter H G Ed.
245 0 _aAccretion-driven stellar X-ray sources
260 _aLondon
_bCambridge
_c1983
300 _axiii, 450p.
_ccm.
490 _aCambridge Astrophysics Series
500 _aIncludes bibliography
650 _aX-ray
700 _a Heuvel Edward P J Van Den Ed.
942 _hC53:10bB9:6, M3
_cTEXL
_2CC
999 _c52337
_d52337